00921nam a2200229Ia 4500003000400000005001700004008004100021020002200062040000700084041000800091082002300099100002900122245014000151260004000291300001600331365001400347650002300361906014700384942001200531999001900543952012900562OSt20230410142727.0210423s2007 xx 000 0 und d a978-0-470-05124-5 cAL aeng a659.132 223bSUGA aSUGARMAN (Joseph)985371 aAdweek copywriting handbook: the ultimate guide to writing powerful advertising and marketing copy from one of Americas top copywriters aNew JerseybJohn Wiley & Sonsc2007 axix,338bPB b1370cINR aAdvertising985372 aadvertising ; Adweek ; Americas ; copy ; copywriters ; copywriting ; guide ; handbook: ; marketing ; one ; powerful ; top ; ultimate ; writing 2ddccBK c169511d169511 001040708MAJMCaSACPGbSACPGd2018-10-29eAmazong1370.00l0o659.132 SUGApPG016013r2022-08-24 00:00:00w2021-04-26yBK